Formula one drivers line-up 1980 - Statistics

General Stats
  • This quiz has been taken 198 times
  • The average score is 28 of 45
Answer Stats
Constructor Rounds Driver Nationality % Correct
Ferrari All Jody Scheckter South Africa
84%
Williams All Alan Jones Australia
82%
Ferrari All Gilles Villeneuve Canada
82%
Brabham All Nelson Piquet Brazil
78%
Williams All Carlos Reutemann Argentina
75%
McLaren 1-3, 5-14 Alain Prost France
73%
McLaren All John Watson UK
72%
Renault All René Arnoux France
72%
Arrows All Riccardo Patrese Italy
72%
Tyrrell All Derek Daly Ireland
69%
Lotus All Elio de Angelis Italy
69%
Fittipaldi All Emerson Fittipaldi Brazil
69%
Lotus All Mario Andretti USA
69%
Lotus 10-12 Nigel Mansell UK
69%
Ligier All Didier Pironi France
67%
Renault 1-13 Jean-Pierre Jabouille France
67%
Ensign 1-4 Clay Regazzoni Switzerland
66%
Ligier All Jacques Laffite France
66%
Tyrrell All Jean-Pierre Jarier France
66%
Alfa Romeo 13-14 Andrea de Cesaris Italy
65%
Brabham 8-14 Héctor Rebaque Mexico
65%
Fittipaldi All Keke Rosberg Finland
65%
Alfa Romeo 1-8 Partick Depailler France
64%
Osella All Eddie Cheever USA
61%
Shadow 1-2 Stefan Johansson Sweden
61%
Arrows 1-10, 13-14 Jochen Mass Germany
59%
Brabham 1-7 Ricardo Zunino Argentina
59%
Alfa Romeo All Bruno Giacomelli Italy
56%
ATS 1-3, 7-14 Marc Surer Switzerland
56%
Tyrrell 13-14 Mike Thackwell Australia
56%
Arrows 11 Mike Thackwell Australia
56%
McLaren 4 Stephen South UK
56%
Arrows 12 Manfred Winkelhock Germany
53%
ATS 1-6 Jan Lammers Netherlands
52%
Ensign 7-14 Jan Lammers Netherlands
52%
RAM 8-14 Rupert Keegan UK
52%
Ensign 11-12 Geoff Lees UK
51%
Shadow 3-7 Geoff Lees UK
51%
RAM 14 Geoff Lees UK
51%
ATS 9 Harald Ertl Austria
51%
Alfa Romeo 11-12 Vittorio Brambilla Italy
49%
Williams, (BHR) 8 Desiré Wilson South Africa
46%
Shadow 1-7 David Kennedy Ireland
45%
RAM 13 Kevin Cogan USA
45%
Ensign 5-6 tiff Needell UK
42%
No matching quizzes found
Score Distribution
Percent of People with Each Score
Percentile by Number Answered
Your Score History
You have not taken this quiz